000 01348nac a22002651u 4500
010 _a 2004018501
020 _a0750677333 (acid-free paper)
082 0 0 _a622.338015118
_bA2865
090 _c2408
_d2408
100 _aAhmed, Tarek H.,
245 1 0 _aAdvanced reservoir engineering /
_cTarek Ahmed, Paul D. McKinney.
260 _aBurlington,MA. :
_bGulf Professional Pub.,2005
_c2005.
300 _a407 p. :
_bill. ;
_c27 cm.
504 _aIncludes bibliographical references (p. [397]-401) and index.
650 0 _aOil reservoir engineering
_xMathematical models.
650 0 _aGas engineering
_xMathematical models.
650 0 _aFluid dynamics
_xMathematical models.
700 1 _aMcKinney, Paul D.
856 4 2 _3Publisher description
_uhttp://www.loc.gov/catdir/description/els051/2004018501.html
856 4 2 _3Table of contents
_uhttp://www.loc.gov/catdir/toc/ecip0421/2004018501.html
856 4 2 _3Book review (E-STREAMS)
_uhttp://www.e-streams.com/es0803/es0803_3975.html
942 _cBB
_k622.338015118 A2865
999 _c2408
_d2408